Pięciu największych partnerów eksportowych według państw - Statystyki

Ogólne statystyki
  • Ten quiz został rozwiązany 15 914 razy
    2 326 od ostatniego zresetowania
  • Średni wynik to 22 z 28
Statystyki odpowiedzi
Państwo % Poprawnych
Chiny
99%
Stany Zjednoczone
99%
Niemcy
98%
Rosja
96%
Wielka Brytania
96%
Hiszpania
94%
Japonia
93%
Argentyna
89%
Włochy
88%
Indie
86%
Irak
86%
Turcja
85%
Chile
84%
Meksyk
84%
Francja
83%
Australia
81%
Korea Południowa
81%
Brazylia
76%
Belgia
75%
Holandia
75%
Armenia
73%
Peru
73%
Republika Południowej Afryki
73%
Malezja
66%
Zjednoczone Emiraty Arabskie
54%
Singapur
52%
Madagaskar
50%
Bułgaria
20%
Nie znaleziono quizów pasujących do podanych kryteriów
Rozkład punktacji
Procent ludzi z każdym wynikiem
Percentyl według liczby udzielonych odpowiedzi
Twoja historia wyników
Nie rozwiązałeś tego quizu od ostatniego zresetowania